000 00689nam a22002177a 4500
999 _c15388
_d15388
003 AR-CdUCM
008 190427b ||||| |||| 00| 0 spa d
020 _a978-970-718-768-9
040 _aMUNICIPALIDAD PROVINCIAL DEL CUSCO
_cBIBLIOTECA MUNICIPAL DEL CUSCO
041 _heng
082 _aEP / 611 /
_bG15
100 _aGallagher, Belinda
_933201
245 _aEl cuerpo humano /
260 _aMéxico :
_bSilver dolphin,
_c2012.
300 _a58 páginas ;
_bIlustraciones,
_c30 cm.
_e+ 2 posters gigantes
650 _aLiteratura infantil
_9588
650 _aAnatomía
_922588
700 _aAlba, Arlette De (traducción)
_934445
942 _2ddc
_cLIBROS
945 _aacv
_d2019-04-27